LIBRARY & INFORMATION CENTRE, KCAET, TAVANUR

ONLINE PUBLIC ACCESS CATALOGUE (OPAC)

Gadya-vatika / (Record no. 11495)

MARC details
000 -LEADER
fixed length control field 00283cam a2200121ua 4500
082 ## - DEWEY DECIMAL CLASSIFICATION NUMBER
Classification number 891.54
Item number ISW/GA
100 ## - MAIN ENTRY--AUTHOR NAME
Personal name Iswarachandra, Gandelwal .
245 ## - TITLE STATEMENT
Title Gadya-vatika /
250 ## - EDITION STATEMENT
Edition statement 1 /
260 ## - PUBLICATION, DISTRIBUTION, ETC. (IMPRINT)
Place of publication Delhi :
Name of publisher Shiksha bharati ,
Year of publication 1960.
300 ## - PHYSICAL DESCRIPTION
Number of Pages 100 ; .
942 ## - ADDED ENTRY ELEMENTS (KOHA)
Koha item type Books
Holdings
Withdrawn status Lost status Damaged status Home library Current library Date acquired Full call number Accession Number Koha item type
Withdrawn     KAUAET KAUAET 07/04/2012 891.54 11173 Books
Withdrawn     KAUAET Sanskrit University 07/04/2012 891.54 13303 Books
free website counter